| 000 | 00761nam a2200265 i 4500 | ||
|---|---|---|---|
| 001 | bg | ||
| 100 | 1 | _aPIETREWICZ, Mirosław | |
| 245 | 1 | 0 |
_aPolityka fiskalna / _cMirosław Pietrewicz. |
| 250 | _aWyd. 3 zaktual. i rozsz. | ||
| 260 |
_aWarszawa : _b"Poltext", _c1996. |
||
| 300 |
_a135, [1] s. ; _c21 cm. |
||
| 490 | 1 | _aStudia Finansowo-Bankowe / Szkoła Główna Handlowa | |
| 504 | _aBibliogr. s. 135-[136]. | ||
| 650 | 9 |
_aCło _xpolityka |
|
| 650 | 9 | _aDług państwowy | |
| 650 | 9 |
_aPodatek _xpolityka |
|
| 830 | 0 | _aStudia Finansowo-Bankowe (Szkoła Główna Handlowa) | |
| 020 | _a8385366407 | ||
| 040 | _cBPK | ||
| 041 | 0 | _apl | |
| 080 | _a336.2/.4 | ||
| 920 | _a83-85366-40-7 | ||
| 942 | _cKS | ||
| 008 | s pl f |000 0 pol | ||
| 999 |
_c25313 _d25313 |
||
| 856 |
_uhttp://koha.tu.koszalin.pl/cgi-bin/koha/opac-detail.pl?biblionumber=25313 _yKatalog online BPK |
||